| 000 | 00468nam a2200169Ia 4500 | ||
|---|---|---|---|
| 999 |
_c12044 _d12044 |
||
| 003 | OSt | ||
| 005 | 20201103114739.0 | ||
| 008 | 190216s9999||||xx |||||||||||||| ||und|| | ||
| 040 | _coclc | ||
| 082 |
_a920 _bCHE/N |
||
| 100 |
_aCherkasov, N _96216 |
||
| 245 | 0 |
_aNotes Of A Soviet Actor / _cN Cherkasov |
|
| 260 |
_bForeign Languages Pub, _aMoscow: |
||
| 300 | _a277p | ||
| 650 | _aEnglish Stories | ||
| 942 |
_cBK _2ddc _h920 _iCHE/N _k920 _mCHE/N |
||